Medieval and Renaissance music on long-playing records

Saved in:
Bibliographic Details
Main Authors: Coover, James B (Author), Colvig, Richard (Author)
Format: Book
Language:English
Published: Detroit Information Service 1964
Series:Detroit studies in music bibliography, 6
Subjects:
Tags: Add Tag
No Tags, Be the first to tag this record!

MARC

LEADER 00000nam a2200000 a 4500
001 UCW2457
003 CL-VaPUC
008 900913e19640000US |||||||||||||||||eng|d
082 0 4 |a 016.78  |b COO  |2 21 
100 0 |a Coover, James B  |e author  |9 306613 
700 0 |a Colvig, Richard  |e author  |9 306614 
245 1 0 |a Medieval and Renaissance music on long-playing records 
300 |a 122 p 
942 |c BK 
945 |d 19900913 00:00:00 
260 |a Detroit  |b Information Service  |c 1964 
650 0 |a Música vocal discográfica hasta 1800  |9 306615 
650 7 |a MUSICA INSTRUMENTAL DISCOGRAFIA HASTA 1800  |2 CL-VaPUC  |9 306616 
583 |a last modification  |c 19900913 00:00:00  |k Rodrigo Vera 
490 0 |a Detroit studies in music bibliography, 6 
999 |c 217007  |d 217005 
952 |0 0  |1 0  |4 0  |6 016_780000000000000_COO_1964  |7 0  |8 A  |9 203489  |a BIBEDU  |b BIBEDU  |d 2019-11-15  |i 2707101  |o 016.78 COO 1964  |p 2707101  |r 2023-01-12  |w 2019-11-15  |y BK  |k MUS